00291nam a2200121Ia 4500008004100000041001200041082001100053100001700064245006100081260000600142650000600148700001500154221030s9999 xx 000 0 und d aEnglish a105.23 aN. C. Pandya 0aLograithms and Other Tablescby N. C. Pandya, C. S. Shah c0 aB aC. S. Shah